000 00344nam a22001457a 4500
008 210528b ||||| |||| 00| 0 eng d
020 _a0314010033
041 _aeng
080 _a004
082 _a004
100 _a28
101 _aSHKI
245 _aPC Assembly Language An Introduction to Computer Systems
_cMorneau,P
942 _2udc
_cBK
999 _c57788
_d57788